[Event "EU-Cup 08th final"]
[Site "Munich"]
[Date "1992.??.??"]
[Round "5.2"]
[White "Bashkov, Viacheslav"]
[Black "Schlosser, Philipp"]
[Result "1/2-1/2"]
[WhiteElo "2450"]
[BlackElo "2500"]
[Annotator "Hansen,Cu"]
[PlyCount "108"]
[EventDate "1992.??.??"]
[EventType "team-match"]
[EventRounds "1"]
[EventCountry "GER"]
[SourceTitle "EXT 2020"]
[Source "ChessBase"]
[SourceDate "2019.10.17"]
[SourceVersion "1"]
[SourceVersionDate "2019.10.17"]
[SourceQuality "1"]
[WhiteTeam "Chelyabinsk Poliot"]
[BlackTeam "Muenchen Bayern"]
[WhiteTeamCountry "URS"]
[BlackTeamCountry "GER"]

1. e4 c5 2. c3 d5 3. exd5 Qxd5 4. d4 Nf6 5. Nf3 Bg4 6. Be2 e6 7. O-O Nc6 8. h3
Bh5 9. Be3 cxd4 10. cxd4 Be7 11. Nc3 Qd6 12. Qb3 (12. a3 O-O 13. Qd2 (13. b4
Rac8 (13... Rad8 14. Rc1 Qb8 15. g4 Bg6 16. Qa4 Bd6 17. Rfd1 Ne4 $15 {
Mulet-Loginov Katowice Open 1992}) 14. Rc1 Rfd8 15. Qb3 a5 16. Nb5 Qb8 17. bxa5
Nxa5 18. Qa4 Nc6 $10 {Kreutzkamp-Ueter BL 8283}) (13. Qb3 Rad8 (13... a6 14.
Rfd1 Rfd8 15. Rac1 b5 16. Qc2 Rac8 $10 {Hohlfeld-Ueter BL 8182}) 14. Rad1 Rd7
15. Ne5 Bxe2 16. Nxd7 Bxf1 17. Nxf6+ Bxf6 18. Ne4 Na5 19. Nxd6 Nxb3 20. Kxf1
Rd8 $10 {Ivanovic-Miles Niksic 1983 (inf 36/(194))}) 13... Rfd8 14. Rfd1 a6 15.
b4 Bg6 16. Bf4 Qd7 17. Ne5 Nxe5 18. dxe5 Qxd2 19. Bxd2 Ne4 20. Nxe4 Bxe4 21.
Be3 $10 {Van der Werf-Finegold,B Gronningen Open 1992}) (12. g4 Bg6 13. Ne5
Nxe5 (13... Nd5 14. Nxd5 exd5 15. Bf4 O-O 16. Rc1 $14 {Blatny,P-Phominyh Stary
Smokovec 1990}) (13... O-O 14. f4 Rad8 15. Nxc6 bxc6 16. Bf3 Nd5 17. Nxd5 cxd5
18. Qa4 Qb8 $132 {Kharlov-Loginov URS chT Azov 1991}) 14. dxe5 Qxe5 15. Qa4+
Kf8 16. Bf4 Qc5 17. Bf3 h5 $13 {Kjeldsen,J-Jacobsen,P Aarhus 1988}) (12. Nb5
Qd8 13. Ne5 Bxe2 14. Qxe2 Nb4 15. d5 Nfxd5 16. Bxa7 O-O $10 {Ivanov,
A-Petursson,M Saint Martin 1991}) (12. Rc1 O-O 13. Nb5 Qd8 14. Ne5 Bxe2 15.
Qxe2 Nb4 16. Nc3 (16. a3 Nbd5 17. Rfd1 Qa5 $10 {Barle-Petursson,M Ljubljana
1981 (inf 32/(205))}) 16... a6 17. Rfd1 Rc8 $15 {Handoko-Petursson,M Dubai OL
1986}) 12... O-O (12... Qb4 13. Rfd1 Rd8 14. Qxb4 Bxb4 15. g4 Bg6 16. Ne5 O-O
17. Nxg6 hxg6 18. Bf3 Bxc3 19. bxc3 Na5 20. Rac1 b5 $13 {Van Mil-Polgar,Zsu
Lillafured 1988}) 13. Rfd1 (13. a3 Rfd8 14. Rfd1 Rac8 15. Rac1 Qb8 16. d5 exd5
17. Nxd5 Nxd5 18. Rxd5 Bg6 19. Rcd1 $14 {Van Mil-Kiss HUN tch 91}) 13... Rfd8 (
13... Nb4 14. d5 (14. Bg5 Nbd5 15. g4 Bg6 16. Ne5 h6 17. Nxg6 fxg6 18. Bxf6
Bxf6 19. Nxd5 exd5 20. Bf3 Rad8 $10 {Seyb-Gerusel BL 8788}) 14... Nbxd5 15. g4
Bg6 16. g5 Ne4 17. Nxd5 exd5 18. Rxd5 Qe6 19. Re5 Qxb3 20. axb3 Bd6 21. Rea5 a6
$10 {Anbuhl-Ueter BL 8081}) 14. a3 Nd5 15. Nxd5 Qxd5 16. Qxd5 (16. Qxb7 $6 Rab8
(16... Nxd4 $6 17. Qxe7 Nxe2+ 18. Kh2 Qxd1 19. Rxd1 Rxd1 20. Ne5 $16) 17. Qa6
Rxb2 $15) 16... Rxd5 17. g4 Bg6 18. Bc4 Rdd8 19. Ne5 (19. d5 $2 Na5 (19... exd5
20. Bxd5 Bf6 $10) 20. Ba2 Be4 $17) 19... Be4 $15 20. Rac1 Rac8 (20... a6 {><b5}
21. f3 Nxe5 22. fxe4 Nxc4 23. Rxc4 Rd7 $10) 21. Bb5 Nb8 (21... Na5 $5 {/\Nb3//
\a7-a6} 22. Rxc8 Rxc8 23. d5 Bxd5 (23... a6 24. Bd7 $16) 24. Bxa7 Nb3 $15) 22.
Rxc8 Rxc8 23. d5 $1 $10 a6 $6 (23... Bxd5 24. Bxa7 f6 $10) 24. Bc4 (24. dxe6 $2
axb5 25. exf7+ Kf8 $19) 24... b5 $6 (24... Bf6 $2 25. dxe6 Bxe5 26. exf7+ Kh8
27. Be6 Rf8 28. Bc5 $18) (24... f6 $2 25. d6 $16) (24... exd5 25. Bxd5 Bxd5 26.
Rxd5 f6 27. Nd3 Kf7 $10) 25. Bb3 Bxd5 26. Bxd5 exd5 27. Rxd5 f6 28. Nd3 Kf7 29.
Kg2 Rc2 30. Kf3 Nc6 31. Rd7 Ke8 32. Rb7 Ne5+ 33. Nxe5 fxe5 34. b4 $14 {עe8}
Rc3 35. Ke4 Rxa3 36. Kxe5 Rc3 (36... Bxb4 37. Ke6 $16) 37. Rb6 (37. Bc5 Bxc5 (
37... Bf6+ $6 38. Ke6 Rxh3 39. Be3 $1 $16 {צd3} h6 40. Ra7) 38. Ke6 (38. bxc5
Rxc5+ 39. Kd6 Rc3 $10) 38... Bd6 39. Kxd6 Rxh3 40. Rxg7 Rf3 $10) 37... Bxb4 38.
Ke6 Rc8 39. Rxa6 Be7 40. Rb6 b4 41. Bd4 g6 42. f4 Kf8 43. f5 (43. Bf6 Re8 $10)
43... gxf5 44. gxf5 Re8 45. Kd5 Rd8+ 46. Ke5 Rd7 47. f6 Bd8 48. Rxb4 Kf7 $10
49. Kf5 Rd5+ 50. Kf4 Rd7 (50... Bxf6 51. Rb7+ Be7 $10) 51. Kf5 Rd5+ 52. Be5 Bc7
53. Re4 Ra5 54. h4 h5 {Hansen,Cu} 1/2-1/2

[Event "ARG-World"]
[Site "Buenos Aires"]
[Date "1994.??.??"]
[Round "7"]
[White "Hoffman, Alejandro"]
[Black "Cramling, Pia"]
[Result "1-0"]
[WhiteElo "2540"]
[BlackElo "2515"]
[Annotator "Hansen,Cu"]
[PlyCount "127"]
[EventDate "1994.04.??"]
[EventType "schev"]
[EventRounds "10"]
[EventCountry "ARG"]
[SourceTitle "CBM 042"]
[Source "ChessBase"]
[SourceDate "1994.10.01"]
[SourceVersion "1"]
[SourceVersionDate "1994.10.01"]
[SourceQuality "1"]

1. e4 c5 2. c3 Nf6 3. e5 Nd5 4. d4 cxd4 5. Nf3 Nc6 6. Bc4 Nb6 7. Bb3 d5 8. exd6
Qxd6 9. O-O Be6 10. Na3 Bxb3 11. Qxb3 Rc8 (11... Qd5 12. Nb5 Rc8 (12... Qxb3
13. axb3 Rc8 14. Nbxd4 Nxd4 15. Nxd4 a6 16. b4 Kd7 (16... e6 17. b5 axb5 18.
Nxb5 Rc5 19. Ra5 $16 {Blauert,J-Naumann,F/Dortmund op/1992/}) 17. Rd1 (17. b5
axb5 18. Ra7 {Freyre,J-Luk Luen Wah/Dubai olm/1986/}) 17... e5 18. Nf3+ Ke6 19.
Ng5+ Kf6 20. f4 exf4 21. Bxf4 $14 {Torres,L-Lamford,P/Dubai olm/1986/}) 13. Rd1
(13. Nfxd4 Nxd4 14. Nxd4 e6 (14... Qxb3 15. axb3 a6 16. b4) 15. Be3 Nc4 (15...
Bc5 16. Rfd1 O-O 17. Nb5 Qxb3 18. axb3 Bxe3 19. fxe3 a6 20. Nd6 Rc7 $10 {
Sermek,D-Orlov,K/Pula/1991/}) 16. Bf4 Be7 17. Rad1 O-O 18. Rfe1 $14 {Yudasin,
L-Georgiev,Ki/Manila izt/1990/}) 13... e6 14. Nbxd4 Nxd4 (14... Bc5 15. Nxc6
Qxc6 $10 {Blatny,P-Rechel,B/Groningen op/1990/}) 15. Nxd4 (15. Rxd4 Qxb3 16.
axb3 Ra8 17. Rd1 Be7 18. Be3 $16 {Vera,R-Otero,E/Cuba-ch/1985/}) 15... Bc5 (
15... Be7 16. Be3 Nc4 17. Nb5 Qf5 18. Nxa7 Nxe3 19. Nxc8 Nxd1 20. Rxd1 $18 {
Doncevic,D-Juhnke,K/BL/1985/}) (15... Qxb3 16. axb3 a6 17. b4 Nd5 (17... Be7
18. b5 axb5 19. Ra7 Nd5 20. Rxb7 b4 21. Nf5 $16 {Rashkovsky-Georgadze,G/
Aktiubinsk/1985/}) 18. b5 $14 {Pirrot,D-Arnold,L/2.BLS/1990/}) 16. Qb5+ (16.
Nb5 Qxb3 17. axb3 a6 18. b4 (18. Nd6+ Bxd6 19. Rxd6 Nd5 20. Bg5 h6 21. Bh4 g5
22. Bg3 Ke7 $17 {Kamsky,G-Tukmakov,V/Reykjavik open/1990/}) 18... axb5 19. bxc5
Na4 20. Be3 Ke7 21. Bd4 f6 22. b3 Nxc5 23. Ra7 e5 24. Be3 Ke6 $10 {Sariego,
W-Browne,W/Linares NL/1992/}) 16... Qd7 (16... Ke7 17. Qe2 Rhd8 18. Qg4 Bxd4
19. Rxd4 Qe5 20. Bg5+ f6 21. Bf4 $18 {Tzermiadianos,A-Kalesis,N/Hania op/1993/}
) 17. Qe2 Qe7 18. Nb3 (18. Nb5 a6 19. b4 axb5 20. Qxb5+ Rc6 21. bxc5 Nd5 22.
Rb1 O-O 23. Qxb7 Qxb7 24. Rxb7 Nxc3 25. Rd2 h6 26. Rc2 Rd8 27. g3 Rxc5 28. Be3
$14 {Svesnikov,E-Rashkovsky,N/USSR/1985/}) 18... O-O 19. Nxc5 Qxc5 20. Be3 Qc6
21. Bd4 $14 {Blatny,P-Banas,J/Stary Smokovec/1985/} f6 22. Bxb6 Qxb6 23. Rd7
Rcd8 24. Rad1 Rxd7 25. Rxd7 Rf7 26. Rd2 $14 {Blatny,P-Arlandi/Groningen/1985/})
(11... dxc3 12. Nb5 Qb8 13. g3 cxb2 14. Qxb2 e5 15. Re1 f6 16. Qb3 Bb4 17. Qe6+
Kf8 18. Rd1 Qe8 19. Qb3 Qf7 $17 {Kevicky,M-Cordewener,KF/corr/1991/}) (11... e6
12. Nb5 (12. Rd1 Qd5 (12... d3 13. Nb5 Qd7 14. c4 Rd8 15. Bf4 (15. Nxa7 Nxc4
16. Qxc4 Nxa7 17. Be3 Nc6 18. Bb6 Qd5 19. Qa4 Rd7 20. Ne1 Bd6 21. Rxd3 Qh5 22.
g3 $16 {Schmittdiel,E-Enders,P/BL/1990/}) 15... Bc5 16. Ne1 Nd4 17. Nxd4 Bxd4
18. Rxd3 Qa4 19. Rad1 $14 {Pirrot,D-Enders,P/BL/1990/}) (12... Qd7 13. Nxd4 Na5
(13... Nxd4 14. Rxd4 Qc6 15. Nc4 Bc5 16. Ne5 Qc8 17. Qb5+ Ke7 18. Rg4 $16 {
Markovic,M-Ilincic,Z/Kladovo zt/1993/}) 14. Qb5 $14 {Blatny,P-Aseev,K/Bad
Worishofen/1992/}) (12... Be7 13. Nb5 (13. Be3 Qd5 14. Nxd4 Bxa3 15. bxa3 O-O
16. Nf3 Na5 17. Qb4 Nc6 18. Qb3 Na5 19. Qb1 Qc6 20. Ng5 f5 $13 {Smagin,
S-Beshukov,S/St.Petersburg op/1993/}) 13... Qb8 14. Nbxd4 O-O 15. Nxc6 bxc6 16.
c4 $14 {Glek,I-Pigusov,E/USSR/1985/}) 13. Nb5 O-O-O 14. Nxa7+ (14. Nbxd4 Qxb3
15. axb3 e5 16. Bg5 exd4 17. Bxd8 Nxd8 $17 {Schmittdiel,E-Kotronias,V/Gausdal/
1992/}) 14... Nxa7 15. Qxb6 Bc5 16. Qa5 Nc6 17. Qa8+ (17. Qa4 d3 18. b4 Bb6 19.
b5 Na5 20. Bf4 Nc4 $15 {Rosentalis,E-Sideif_Zade,F/USSR/1985/}) 17... Kc7 18.
Qa4 d3 19. Ne1 {Blatny,P-Kotronias,V/Debrecen/1992/}) 12... Qd7 {0,5/Ochsner,
T-Reinert,M/Aarhus/1985/} (12... Qb8 13. Nbxd4 Be7 14. Nxc6 bxc6 15. Bg5 Bd6
16. Rad1 O-O 17. Rfe1 $14 {Tzermiadianos,A-Petrov,M/Mangalia tt/1992/}) (12...
Qd8 13. Rd1 d3 14. c4 Bc5 15. Rxd3 Qe7 16. Bf4 O-O 17. Bd6 Bxd6 18. Nxd6 $14 {
Kveinys,A-Levchenkov,V/Katowice op/1993/}) 13. Nbxd4 Nxd4 (13... Be7 14. Be3
Na5 15. Qc2 Nac4 16. Rfe1 Nxe3 17. Rxe3 O-O $10 {Kevicky,M-Bensiek,N/corr/1991/
}) 14. Nxd4 Be7 (14... Bc5 15. Be3 O-O (15... Rc8 16. Rad1 Qa4 17. Nb5 Ke7 18.
Qxa4 Nxa4 19. Nxa7 Bxa7 20. Bxa7 Ra8 21. Bd4 Nxb2 22. Rb1 Rxa2 23. c4 Nxc4 24.
Rxb7+ Kd6 25. Bxg7 Rg8 26. Rxf7 $16 {Le Blancq-Haus/Guernsey/1987/}) 16. Nxe6
$18 {Harley,A-Parmentier,X/Hastings B/1988/}) 15. Rd1 O-O (15... Qa4 16. Qb5+
Qxb5 17. Nxb5 O-O 18. Be3 Nc4 19. Bxa7 Nxb2 20. Rd7 Bf6 21. Rxb7 Na4 22. Rc1
$16 {Espinosa Flores,R-Le Blancq,S/Dubai ol/1986/}) 16. Nf5 (16. Be3 Qc8 17.
Nb5 Bc5 $10 {Vasiukov,E-Tseitlin,MS/Tiraspol/1994/}) 16... Qc7 17. Nxe7+ Qxe7
18. Be3 $14 {Halasz,T-Tischbierek,R/Balatonbereny/1984/}) 12. Rd1 Qd5 13. Nxd4
(13. Nb5 {-> 11...Qd5 12.Nb5 Rc8 13.Rd1}) 13... Qxb3 14. axb3 e6 15. Nxc6 (15.
Nab5 a6 16. Nxc6 Rxc6 17. Nd4 Rc8 $10) 15... Rxc6 16. b4 {>< c5} (16. Be3 Bc5
17. Bxc5 Rxc5 18. b4 Rf5 $10) 16... Be7 17. Be3 Nc8 (17... O-O 18. Bxb6 Rxb6
19. Rd7 $16) 18. b5 (18. Nb5 a6 $10) 18... Rc7 19. Bxa7 $1 $16 Bxa3 (19... Nxa7
20. b6 $18) 20. Rxa3 b6 $8 (20... O-O 21. Be3 $18) 21. Bb8 Rc5 22. Rb3 Ke7 23.
Bf4 Rd8 24. Rxd8 Kxd8 25. Kf1 {/\Rb4,c3-c4,b2-b3} (25. Rb4 Rd5 $16) 25... Rc4 (
25... Rd5 26. Ke2) 26. g3 {>< c7} (26. Be3 Kc7 {/\Nd6}) 26... f6 27. Ke2 e5 28.
Be3 Kc7 29. Ra3 Kb7 30. Ra6 (30. Kd3 Rc7 (30... Nd6 31. Ra6 $18) 31. c4 Nd6 32.
b3 Rd7 33. Kc2 Nf5 $16) 30... Rc7 31. Kd3 Rd7+ 32. Kc2 Rc7 33. b3 {>< Nc8} g5
34. c4 h6 35. Ra1 {/\Rd1-d8-h8} f5 (35... Nd6 36. Ra6 $16) 36. Re1 $6 (36. Rd1
$1 {>< Nc8}) 36... Nd6 {/\Nxb5} 37. Kb2 Rd7 38. Re2 f4 39. Bc1 Nf7 40. b4 (40.
Kc2 $5 {/\Bb2}) 40... Rc7 41. Kb3 Nd6 42. Rc2 Nf5 43. Bb2 e4 $14 44. c5 Re7 45.
g4 $6 Nh4 46. Bf6 Re8 47. c6+ Kc7 48. Bc3 $2 (48. Ra2 e3 $132) 48... Nf3 (48...
e3 $5 $13) 49. Ra2 Nxh2 50. Ra7+ Kd6 51. Rd7+ Ke6 52. Rd4 Kf7 53. Rd7+ Ke6 54.
Rd4 Kf7 55. c7 $2 {/\Rd8 +-} (55. Rd7+ $10) 55... Rc8 56. Rc4 e3 $2 (56... Nxg4
$1 57. Bd4 e3 58. fxe3 f3 59. e4 f2 60. Rc1 Ke6 $17) 57. fxe3 fxe3 58. Kc2 $16
e2 (58... Nxg4 $5 59. Rxg4 Rxc7 $16) 59. Kd2 Re8 60. Kd3 $1 $18 Nf3 (60... Rc8
61. Kxe2 $18 {>< Nh2}) 61. c8=Q e1=Q 62. Bxe1 Nxe1+ 63. Kc3 Rxc8 64. Rxc8 1-0

[Event "RUS-Cup4"]
[Site "Perm"]
[Date "1997.??.??"]
[Round "9"]
[White "Totsky, Leonid"]
[Black "Peregudov, Nickolai"]
[Result "1-0"]
[WhiteElo "2495"]
[BlackElo "2350"]
[Annotator "Har Zvi,R"]
[PlyCount "67"]
[EventDate "1997.02.02"]
[EventType "swiss"]
[EventRounds "9"]
[EventCountry "RUS"]
[SourceTitle "CBM 058"]
[Source "ChessBase"]
[SourceDate "1997.06.01"]
[SourceVersion "1"]
[SourceVersionDate "1997.06.01"]
[SourceQuality "1"]

1. e4 c5 2. Nf3 e6 3. c3 d5 4. exd5 Qxd5 5. d4 Nf6 6. Na3 Be7 (6... cxd4 7. Nb5
Qd8 8. Qxd4 a6 9. Qxd8+ Kxd8 10. Ne5 $5 axb5 11. Nxf7+ Ke8 12. Nxh8 b4 (12...
Bc5 13. Bxb5+ Bd7 14. Bd3 Nc6 {Gurieli,N-Ioseliani,N Tbilisi 1991} 15. Ng6 $1
hxg6 16. Bxg6+ Ke7 17. Bf4 $14 {/+/- Blatny,P}) 13. Bd2 Nc6 14. Bb5 Bd7 15.
cxb4 Bxb4 16. Bxb4 Nxb4 17. Bxd7+ Nxd7 18. O-O-O $1 Ne5 (18... Nxa2+ $2 19. Kb1
Nb4 20. Nf7 $18) 19. Kb1 Ke7 20. Rhe1 $16 {Totsky,L-Tolnai,T Budapest 1996}) (
6... a6 7. Nc4 Nbd7 8. Be2 Be7 (8... cxd4 9. Qxd4 Bc5 10. Qxd5 Nxd5 11. Nfe5 f6
12. Nd3 b5 13. Nxc5 Nxc5 14. Ne3 Bb7 15. Nxd5 Bxd5 16. Be3 Na4 17. O-O-O O-O-O
18. f3 $14 {Sermek,D-Skembris,S/Portoroz Vidmar/1993/}) 9. O-O O-O 10. Nfe5
cxd4 11. cxd4 Nxe5 12. dxe5 Nd7 13. Bf4 f6 14. Qc2 fxe5 15. Bf3 Qc5 16. Be3 Qc7
17. Be4 Nf6 18. Bb6 Qb8 19. Rfd1 $14 {/+/- Sveshnikov,E-Zhelnin,V ST.
Petersburg 1994}) 7. Nb5 Na6 8. Be2 (8. c4 Qd8 9. Be2 O-O 10. O-O Bd7 (10...
cxd4 11. Bf4 Bd7 12. Nbxd4 Qb6 13. Rb1 Qa5 14. a3 Rfc8 15. b4 Qd8 16. Ne5 $14 {
/+/- Rodrigaez,Am-Adorjan,A Thessaloniki olm 1984}) 11. Nc3 cxd4 12. Nxd4 Qb6
13. Ndb5 Rfd8 14. Be3 Qa5 (14... Bc5 15. Na4) 15. Qb1 $1 $14 {Becerra Rivero,
J-Hernandez,Gi/Capablanca mem-A/1996}) 8... cxd4 9. c4 (9. Qxd4 O-O 10. Bg5 (
10. O-O Bd7 11. Qxd5 (11. Ne5 $5) 11... Nxd5 12. Rd1 (12. Nbd4) 12... Nc5 13.
Nbd4 a5 {with a very nice position for black Blatny,P-Vogt,L Leipzig 1988})
10... Qxd4 11. Nbxd4 Nc5 12. Rd1 Nce4 13. Bc1 Bd7 14. O-O Ba4 15. Rde1 (15. b3
Be8 16. Bb2 Nd5) 15... Rfd8 $13 {Sermek,D-Serper,G Tilburg 1994 62/144}) 9...
Qd8 10. O-O Bd7 11. Nbxd4 Qb8 {preventing Bf4} 12. Bd3 Nb4 (12... O-O 13. Qe2
Nc5 14. Bc2 Bd6 15. Bg5) 13. Bb1 O-O 14. Qe2 Bd6 {preventing Ne5} (14... Nc6 $6
15. Nxc6 Bxc6 16. Ne5 $14) 15. Bg5 h6 16. Bh4 (16. Bxf6 gxf6 $13) 16... a6 {
black wants to play Nc6 and Qc7 at the near future that's way a6 to take the
b5 square from white but this is to slow} (16... Nh5 $5 17. Rd1 $14) (16... Nc6
17. Bxf6 gxf6 18. Qd3 f5 19. Nb5 Be5 $8 20. Qxd7 $2 (20. Nxe5) 20... Bxb2 21.
Bc2 Bxa1 22. Rxa1 Rd8 23. Qc7 Qxc7 24. Nxc7 Rac8 $15) 17. Rd1 Rd8 18. a3 Nc6
19. Bc2 Qc7 $2 (19... Nxd4) 20. Bxf6 gxf6 21. Qd3 Kf8 (21... f5 22. Nxf5) (
21... Nxd4 22. Qh7+ Kf8 23. Rxd4 {transposes to the game}) 22. Qh7 Nxd4 23.
Rxd4 Bc6 24. Rg4 Bxf3 25. gxf3 Ke7 (25... Bxh2+ $4 {the paen means nothing but
this is a loss of a tempi for black which means the end of the game} 26. Kh1
Ke7 27. Rg7 Rf8 28. Bg6) 26. Rg7 Rf8 27. Bg6 $1 Ke8 28. Re1 {[%cal Ge1e6]} Qe7
(28... Be5 29. f4) 29. f4 $1 {now white is threatening Rxf7 since on move 29.
Rxf7 the variation above black has 31...Rg7 winning the bishop but after f4
white will have f5 after Rg7 f5 defending the bishop!} (29. Rxf7 Rxf7 30. Qg8+
Kd7 (30... Qf8 $4 31. Bxf7+ $18) 31. Qxa8 Rg7 32. Qxb7+ Kd8 $13 33. Qa8+ Kc7
34. b4 $40 (34. Qa7+ Kd8 35. Qa8+ $11)) 29... Bxf4 $4 {just losing immediately
black needs this bishop in defence along the A3-F8 diagonal now wjite wins
immediately} (29... Rc8 30. Bf5 $1 {[%cal Gf5e6]} (30. Bxf7+ Rxf7 31. Qg8+ Qf8
32. Rxe6+ Be7 $17) 30... Rxc4 31. Rxe6 $1 {I have analysed 31.Bxe6 for a long
time but could find a clear advantage for white} (31. Bxe6 Rxf4 32. Kf1 Kd8 33.
Bxf7 Be5 34. Bb3 Qc5 35. Rd1+ Kc8 36. Be6+ Kb8 37. Rxb7+ Ka8 38. Rd2 Qc1+ 39.
Kg2 Rxf2+ $1 40. Rxf2 Qc6+) 31... fxe6 32. Rxe7+ Bxe7 33. Bxe6 $16) {[%tqu
"En","Black's bishop has just left the f8-a3 diagoanl white used this and wom
immediately,and what about you?","","","g6f7","",4]} 30. Bxf7+ $1 $18 Rxf7 31.
Qg8+ Kd7 (31... Qf8 32. Rxe6+ {if the bishop was on d6 a move such as Be7
would be possible}) 32. Qxf7 Qxf7 33. Rxf7+ Kd6 34. Rxf6 1-0

[Event "Ciocaltea Memorial"]
[Site "Bucharest"]
[Date "1997.??.??"]
[Round "7"]
[White "Nisipeanu, Liviu Dieter"]
[Black "Moldovan, Daniel"]
[Result "1-0"]
[WhiteElo "2545"]
[BlackElo "2435"]
[Annotator "Har Zvi,R"]
[PlyCount "45"]
[EventDate "1997.03.??"]
[EventType "tourn"]
[EventRounds "13"]
[EventCountry "ROU"]
[EventCategory "10"]
[SourceTitle "CBM 060"]
[Source "ChessBase"]
[SourceDate "1997.09.29"]
[SourceVersion "1"]
[SourceVersionDate "1997.09.29"]
[SourceQuality "1"]

1. e4 c5 2. Nf3 Nc6 3. c3 d5 4. exd5 Qxd5 5. d4 Bg4 6. Be2 e6 7. h3 Bh5 8. c4
Qd8 $6 {this just seems to be a mistake already in move 8,all the strong
players play 8...d6 with complicated positions Qd8 is being played very rarely,
this game can be a good example why} (8... Qd6 9. g4 (9. d5 Bxf3 $8 10. Bxf3
Nd4 11. O-O e5 12. Nc3 O-O-O 13. Be3 f5 14. b4 $1 cxb4 15. Bxd4 bxc3 {Vlassov,
Landa Polanica Zdroj op 1993} 16. c5 $44) 9... Bg6 10. d5 Nb4 11. O-O (11. Qa4+
$5) 11... exd5 $1 (11... Nc2 $2 12. Na3 $1 Nxa1 13. Nb5 Qb6 (13... Qb8 14. Qa4)
14. Bf4 Rc8 15. Qa4 Kd8 16. Nxa7 $18) (11... f6 $2 12. Nc3 Nc2 13. Nb5 Qb6 14.
Bf4 e5 15. Nxe5 fxe5 16. Bxe5 O-O-O (16... Rc8 17. d6 Kd7 18. g5 Re8 19. Bg4+
Kd8 20. Qf3 $18) 17. g5 $16 {/+- Nunn,J-Sher,M Vejle 1994 60/150 [ Nunn,J]})
12. cxd5 O-O-O 13. Nc3 Nf6 $1 (13... Nc2 $2 14. Nb5 Qxd5 15. Bf4 b6 16. Nc7
Qxd1 17. Ba6+ $18) (13... Nxd5 14. Nxd5 Qxd5 15. Qxd5 Rxd5 16. Bc4 Rd8 17. Ne5
f6 18. Nxg6 hxg6 19. Bf4 Bd6 20. Bxd6 Rxd6 21. Rfe1 Rd8 22. Kg2 $14 {Nunn,J})
14. Qa4 $6 a6 15. a3 Bc2 $1 $17 {Short,N-Polgar,J Isle of Lewis 1995}) (8...
Qd7 9. g4 Bg6 10. d5 exd5 11. cxd5 Nb4 12. Ne5 Qxd5 13. Bb5+ Kd8 14. O-O $40 {
Adamski,Schneider,A Wroclaw 1981 31/194}) 9. d5 Bxf3 (9... exd5 10. g4 Bg6 11.
cxd5 Qa5+ 12. Nbd2 Nd4 13. Nxd4 cxd4 14. O-O d3 15. Bf3 Qa6 16. Re1+ Be7 17. d6
$1 Qxd6 18. Nc4 Qd7 19. Ne5 Qb5 20. a4 Qa6 21. b4 $36 {/+/- Dorman,J-Lukin,A
URS ch 1975}) 10. Bxf3 {now we can see the difference between Qd8 and Qd6 the
main line where black playes Nd4,but here after 10...Nd4 white simply playes
11.dxe6 where if the queen is on d6 black simply replies with Qxe6!} exd5 11.
Bxd5 $146 {white's advantage is abvious,pair of bishop's in an opening when
black's king is still stuck in the center does not mean good news for black} (
11. cxd5 Nd4 12. O-O Bd6 13. Re1+ Ne7 14. Be3 Nxf3+ 15. Qxf3 O-O 16. Nc3 Ng6
17. Ne4 b6 18. Rad1 Qd7 19. Bd2 Rae8 20. Nxd6 Qxd6 {Olsar,J-Brychta,I/
CZE-chT9495 1995/EXT 95ch/0-1 (56)}) (11. Qxd5 $143 Qe7+ 12. Be3 Rd8 $11) 11...
Nge7 (11... Nf6 12. Bxc6+ bxc6 13. Qf3) 12. Nc3 Nxd5 (12... g6 13. Bg5 $5 Bg7
14. Bxc6+ bxc6 15. Qe2) 13. cxd5 Nd4 (13... Ne5 14. Qe2 Qe7 15. O-O O-O-O 16.
Be3 $36 {[%csl Rc8]}) 14. Be3 Nf5 (14... Qb6 15. Qa4+ Kd8 16. O-O {[%csl Rd8]})
15. Qa4+ Qd7 16. Qe4+ Kd8 (16... Be7 17. Bxc5) {[%tqu "En","white's position
is good maybe very good,try to find the strongest continuation for white,when
his main goal his black's king,believe me there are a lot of variations to
calculate","","","d5d6","",10]} 17. d6 $1 Nxe3 (17... Bxd6 18. O-O-O Re8 (18...
Rc8 19. g4 $1 {for a lot of time I was analysing Nb5 but it is simply not so
strong,until I thought about an immediate idea to move the knight from f5
which seems as very simple and very strong!} (19. Nb5 Qxb5 $8 (19... Re8 20.
Qd3 c4 (20... Nd4 21. Nxa7) 21. Qxd6) 20. Qxf5 Kc7 21. Qxf7+ {here in my
analyse I thought that Rxd6 should win for white until I found a defence for
black} (21. Rxd6 Kxd6 22. Qxf7 Qb4 $3 {[%csl Gf4][%cal Gd6c6,Gc6b5] a
fantastic move,making room for the king to escape and preventing Bf4 in many
critical variations} (22... Rhe8 $2 23. Rd1+ Kc6 24. a4 Qb4 25. Qd7+ Kb6 26.
Rd6+) 23. Rd1+ Kc6 24. Qd7+ Kb6 25. Rd6+ Rc6) 21... Qd7 22. Qxd7+ (22. Qd5 $5)
22... Kxd7 23. Bf4 Rc6 24. Rhe1 Rf8 {[%cal Gf8f6]}) 19... Nxe3 20. fxe3 {
[%cal Gd1d6]} Rc6 (20... Re8 21. Qxh7) 21. Nb5 {and black seems in a serious
trouble...}) 19. Qd3 Nxe3 20. fxe3 Re6 21. Qxh7 g6 22. e4 $1 {[%cal Ge4e5]}) (
17... Nxd6 18. Qc2 $1 Nf5 {if not white simply playes 0-0-0 with a winning
position} 19. Rd1 Nd4 20. Qd3 Rc8 21. Nb5 $1 $40) 18. fxe3 Rc8 (18... Bxd6 19.
O-O-O) 19. Qh4+ f6 20. O-O-O $18 {it is impossible to play with such a bishop
on f8 and rook on h8,when all your opponent pieces are in the game,and he has
such a pawn on d6,in the game black took the "d6" pawn but this brought the
end immediately,bit anyway there should not be any serious chances for black
to save this game} Rc6 (20... Bxd6 $4 21. Ne4 Rc6 22. Nxd6 Rxd6 23. Qg3 $18)
21. Rd5 {[%cal Gd8c8,Yb7b6,Gc8b7]} Rxd6 $2 22. Rhd1 Kc7 23. Qg3 {black can not
avoid losing his bishop since after 23...Kc6 24.RxR BxR 25.Qf3 Kc7 26.Ne4 the
bishop his lost there for he resigned} ({black can not avoid losing his bishop
since after} 23. Qg3 Kc6 24. Rxd6+ Bxd6 25. Qf3+ Kc7 26. Ne4 {the bishop his
lost there for he resigned}) 1-0